000 01266cam a22003014a 4500
001 4047353
003 NUST - PNEC
005 20170116181008.0
008 990105s1999 njua b 001 0 eng
010 _a 99011800
020 _a0137192878
040 _cLIBRARY
082 0 0 _a621.3824 LIB
100 1 _aLiberti, Joseph C.,
_d1967-
245 1 0 _aSmart antennas for wireless communications :
_bIS-95 and third generation CDMA applications /
_cJoseph C. Liberti, Jr., Theodore S. Rappaport.
260 _aUpper Saddle River, NJ :
_bPrentice Hall PTR,
_cc1999.
300 _axvii, 376 p. :
_bill. ;
_c25 cm.
440 0 _aPrentice Hall communications engineering and emerging technologies series
504 _aIncludes bibliographical references (p. 345-365) and index.
650 0 _aAdaptive antennas.
_xEL
650 0 _aWireless communication systems.
650 0 _aCode division multiple access.
700 1 _aRappaport, Theodore S.,
_d1960-
906 _a7
_bvip
_corignew
_d1
_eocip
_f19
_gy-gencatlg
942 _2ddc
_cBK
999 _c66974
_d66974